000 00557cam a2200193 4500500
005 20260405002423.0
041 _afre
042 _adc
100 1 0 _aTenaillon, Nicolas
_eauthor
245 0 0 _aLa Tyrannie de la norme
260 _c2017.
500 _a50
690 _aMoyen
690 _aNorme
690 _aPhilippe Nassif
690 _aTodd Rose
786 0 _nPhilosophie magazine | 108 | 4 | 2017-04-01 | p. 66-66 | 1951-1787
856 4 1 _uhttps://shs.cairn.info/magazine-philosophie-magazine-2017-4-page-66?lang=fr&redirect-ssocas=7080
999 _c2057498
_d2057498